OXFORD, ESSENTIAL COMMUNITY SERVICE LEARNING. GRADE 10 (Record no. 216757)
[ view plain ]
| 000 -LEADER | |
|---|---|
| fixed length control field | 00488nam a22001577a 4500 |
| 008 - FIXED-LENGTH DATA ELEMENTS--GENERAL INFORMATION | |
| fixed length control field | 260303b |||||||| |||| 00| 0 eng d |
| 020 ## - INTERNATIONAL STANDARD BOOK NUMBER | |
| International Standard Book Number | 978-9914-44-758-3 |
| 050 ## - LIBRARY OF CONGRESS CALL NUMBER | |
| Classification number | LC 4600 .W34 2025 V10 |
| 100 ## - MAIN ENTRY--PERSONAL NAME | |
| Personal name | WAFULA, PAUL |
| 245 ## - TITLE STATEMENT | |
| Title | OXFORD, ESSENTIAL COMMUNITY SERVICE LEARNING. GRADE 10 |
| 260 ## - PUBLICATION, DISTRIBUTION, ETC. | |
| Place of publication, distribution, etc. | NAIROBI, |
| Name of publisher, distributor, etc. | OXFORD UNIVERSITY PRESS, |
| Date of publication, distribution, etc. | 2025 |
| 300 ## - PHYSICAL DESCRIPTION | |
| Extent | 180 P, ILL |
| 650 ## - SUBJECT ADDED ENTRY | |
| Topical term or geographic name entry element | COMMUNITY SERVICES- STUDY AND TEACHING (SECONDARY) |
| 942 ## - ADDED ENTRY ELEMENTS (KOHA) | |
| Source of classification or shelving scheme | Library of Congress Classification |
| Koha item type | Long Loan Book |
| Withdrawn status | Lost status | Source of classification or shelving scheme | Damaged status | Not for loan | Collection | Home library | Current library | Date acquired | Inventory number | Total checkouts | Full call number | Barcode | Date last seen | Copy number | Price effective from | Koha item type |
|---|---|---|---|---|---|---|---|---|---|---|---|---|---|---|---|---|
| Library of Congress Classification | Arts & Social Sciences | Kisii University Library | Kisii University Library | 03/03/2026 | 112302 | LC 4600 .O94 2025 V10 | A000265 | 03/03/2026 | 1 | 03/03/2026 | Long Loan Book | |||||
| Library of Congress Classification | Arts & Social Sciences | Kisii University Library | Kisii University Library | 03/03/2026 | 112303 | LC 4600 .O94 2025 V10 | A000266 | 03/03/2026 | 2 | 03/03/2026 | Long Loan Book | |||||
| Library of Congress Classification | Arts & Social Sciences | Kisii University Library | Kisii University Library | 03/03/2026 | 112304 | LC 4600 .O94 2025 V10 | A000314 | 03/03/2026 | 3 | 03/03/2026 | Long Loan Book | |||||
| Library of Congress Classification | Arts & Social Sciences | Kisii University Library | Kisii University Library | 03/03/2026 | 112305 | LC 4600 .O94 2025 V10 | A000313 | 03/03/2026 | 4 | 03/03/2026 | Long Loan Book | |||||
| Library of Congress Classification | Arts & Social Sciences | Kisii University Library | Kisii University Library | 03/03/2026 | 112306 | LC 4600 .O94 2025 V10 | A000316 | 03/03/2026 | 5 | 03/03/2026 | Long Loan Book |